MARC

LEADER 00000nam0a2200000 4500
001 151583
005 20231101221554.0
035 |a (RuTPU)RU\TPU\book\164350 
090 |a 151583 
100 |a 20090124d1936 k y0rusy50 ca 
101 0 |a rus 
102 |a RU 
105 |a a z 001zy 
200 1 |a Спектрохимический эмиссионный анализ  |e применение его в медицине, химии и минералогии  |e пер. с нем.  |f В. Герлях, В. Герлях  |g пер. Г. А. Котляра ; под ред. С. А. Боровика 
210 |a Москва  |a Ленинград  |c Химтеорет  |d 1936 
215 |a 168 с.  |c ил. 
320 |a Библиогр.: с. 161-164. 
320 |a Предм. указ.: с. 165-167. 
606 1 |a Спектральный анализ, эмиссионный  |2 stltpush  |3 (RuTPU)RU\TPU\subj\73705  |9 86550 
610 1 |a медицина 
610 1 |a химия 
610 1 |a минералогия 
610 1 |a свет 
610 1 |a источники 
610 1 |a спектрограммы 
610 1 |a спектральный анализ 
610 1 |a количественный анализ 
610 1 |a метод гомологичных пар линий 
610 1 |a органы 
610 1 |a секреты 
610 1 |a экскреты 
610 1 |a электропатология 
610 1 |a профессиональные заболевания 
610 1 |a судебная медицина 
610 1 |a минералогия 
610 1 |a геохимия 
675 |a 543.423  |v 3 
700 1 |a Герлях  |b В.  |g Вальтер 
701 1 |a Герлях  |b В.  |g Вернер 
702 1 |a Котляр  |b Г. А.  |4 730 
702 1 |a Боровик  |b С. А.  |4 340 
801 1 |a RU  |b 63413507  |c 20090124  |g PSBO 
801 2 |a RU  |b 63413507  |c 20230213  |g PSBO 
942 |c BK